|
|
|
|
| LEADER |
00642nam a2200133Ia 4500 |
| 008 |
111204s9999 xx 000 0 mal d |
| 100 |
|
|
|a Menon ,M.K.
|
| 245 |
|
|
|a Novelilekkoru kilivathil
|c Menon ,M.K.
|
| 260 |
|
|
|b Current Books
|a Current Books, Thrissur
|c 1991
|
| 300 |
|
|
|a 163
|
| 942 |
|
|
|c BK
|
| 999 |
|
|
|c 206184
|d 206184
|
| 952 |
|
|
|0 0
|1 0
|2 ddc
|4 0
|6 853_090000000000000_VIL_N
|7 0
|9 228008
|a MAL
|b MAL
|c ST1
|d 1992-05-19
|g 28.00
|l 3
|o 853.09 VIL/N
|p MAL22851
|r 2017-09-28
|s 2017-08-30
|v 28.00
|w 2011-12-05
|y BK
|
| 952 |
|
|
|0 0
|1 0
|2 ddc
|4 0
|6 853_090000000000000_VIL_N
|7 0
|9 228009
|a MAL
|b MAL
|c ST1
|d 1992-05-19
|g 28.00
|l 6
|o 853.09 VIL/N
|p MAL25890
|r 2019-04-11
|s 2018-10-31
|v 28.00
|w 2011-12-05
|y BK
|